Property sales set to continue slow recovery (Record no. 76323)

MARC details
000 -LEADER
fixed length control field 01059cab a2200181 4500
001 - CONTROL NUMBER
control field ##L132102
008 - FIXED-LENGTH DATA ELEMENTS--GENERAL INFORMATION
fixed length control field 060110n2006 000 0 eng u
035 ## - SYSTEM CONTROL NUMBER
System control number (Sirsi) u132102
041 0# - LANGUAGE CODE
Language code of text/sound track or separate title eng
100 1# - MAIN ENTRY--PERSONAL NAME
Personal name Shirley, Andrew
245 00 - TITLE STATEMENT
Title Property sales set to continue slow recovery
260 ## - PUBLICATION, DISTRIBUTION, ETC.
Date of publication, distribution, etc. 2006
490 #0 - SERIES STATEMENT
Series statement Farmers' Weekly
Volume/sequential designation 144(1) 6 January 2006, 22-23(2)
520 ## - SUMMARY, ETC.
Summary, etc. Uses Strutt and Parker's detailed property database to analyse the land market in 2005. Shows the increase in property sales in 2005 and the continued rise in land values. Residential or lifestyle buyers of farm property still played an active role in the 2005 market. Includes a forecast of the market in 2006 by James Laing, Strutt and Parker's head of farm sales who predicts a significant increase of supply. Tables and graphs cover land supply, farmland and residential property, land prices 1997-2004, whole farm values and status of land sales 2005.
590 ## - LOCAL NOTE (RLIN)
Local note IKA170106
690 ## - LOCAL SUBJECT ADDED ENTRY--TOPICAL TERM (OCLC, RLIN)
Topical term or geographic name as entry element PROPERTY-RURAL AND NATURAL ASSETS-RURAL AND NATURAL ASSET MARKET
942 ## - ADDED ENTRY ELEMENTS (KOHA)
Suppress in OPAC 0
Holdings
Withdrawn status Lost status Source of classification or shelving scheme Damaged status Not for loan Home library Current library Shelving location Date acquired Total Checkouts Full call number Barcode Date last seen Copy number Price effective from Koha item type
    Dewey Decimal Classification     London London Journal article 10/01/2006   L132102 132102-1001 06/08/2019 1 06/08/2019 Journal article